Quiz Brawl Stars - Statistiques

Statistiques générales
  • Ce quiz a été pris 107 fois
  • Le résultat moyen est 13 sur 17
Statistiques - réponses
Questions Reponses % Correct
Mode de jeu avec une ball de Football Brawlball
96%
Brawleur qui soigne avec une guitare Poco
96%
Premier brawleur Shelly
96%
Mode de jeu avec les rang Bronze,Argent,Or... Classé
92%
Brawleur Cactus Spike
92%
Bouton violet qui améliore le super Hypercharge
91%
Pass du jeu Pass Brawl
87%
Brawleur avec le plus d'HP Frank
82%
Vidéos qui annonces les prochaines mise à jour Brawl Talk
80%
Premier brawleur ultra-légendere Kaze
80%
Créateurs du jeu Supercell
80%
100e Brawleur Sirius
76%
Rareté supprimé avec Gael,Surge.... Rareté Chromatique
73%
Monaie bleu qui permet de débloquer des Brawleurs Crédits
71%
Plus haut rang de trophées avant Novembre 2024 Rang 35
59%
Événement vers Avril-Mai 2024 Événement Godzilla
35%
Dimension Accessible avec Cordelius ou Lily Le Royaume Des Ombres
21%
Aucun quiz correspondant
Distribution des résultats
% des personnes avec chaque résultat
Percentile par nombre de réponses
Votre historique - résultats
Vous n’avez pas pris ce quiz